000
00208 a2200097 4500
001
9055
100
_a
Quiller-Couch, A
245
_a
The oxford book of ballads
260
_a
_b
Oxford
_c
090
_c
7237
_d
7237
942
_a
NUST-CAE
_c
M
_c
33864
999
_c
244128
_d
244128